| 000 | 00818cam a2200301 a 4500 | ||
|---|---|---|---|
| 001 | 380969 | ||
| 003 | OSt | ||
| 005 | 20140310182119.0 | ||
| 008 | 780627s1977 nyuabf b 000 0 eng | ||
| 010 | _a 78314008 | ||
| 020 | _a0385033893 | ||
| 040 |
_aDLC _cDLC _dDLC |
||
| 043 | _af-ua--- | ||
| 050 | 0 | 0 |
_aDT 91 _b.V44 1977 |
| 082 | 0 | 0 |
_aHS 930.1 _b.Ve 54 1979 |
| 100 | 1 |
_aVelikovsky, Immanuel, _d1895-1979. _913914 |
|
| 245 | 1 | 0 |
_aPeoples of the sea / _cImmanuel Velikovsky. |
| 250 | _a1st ed. | ||
| 260 |
_aLondon : _bSphere Books, _cc1977. |
||
| 300 |
_axviii, 267 p, : _bill, ; _c18 cm. |
||
| 500 | _aincludes index. | ||
| 541 | _j1 | ||
| 562 | _e1 | ||
| 650 | 0 |
_aArchaeology. _913915 |
|
| 650 | 0 |
_aCivilization. _913916 |
|
| 906 |
_a7 _bcbc _corignew _d2 _encip _f19 _gy-gencatlg |
||
| 942 |
_2lcc _cHS |
||
| 999 |
_c9509 _d9509 |
||